Responses for show #4838 - Wednesday, September 28, 2005

Contestants

[<< previous game]

Tom Streit, a real estate lawyer from Jupiter, Florida

Jeanie Kyle, a student originally from Conway, Arkansas

Andy Rosenberg, a sales manager from Morristown, New Jersey (whose 1-day cash winnings total $13,000)

[next game >>]

Jeopardy! Round responses

SEND IN THE MARINES
ARRESTING TELEVISION
EARTH, WIND OR FIRE
ELEMENTARY, MY DEAR
ROADSIDE AMERICA
HEY "YA"
    $200 26
John Wayne

Andy
    $200 16
Dragnet

Jeanie
    $200 21
(Andy: "Wind." Oh, excuse me, what is "Wind"?)

"Fire"

AndyJeanie
    $200 11
carbon

Jeanie
    $200 1
(Jeanie: What is a jackalope?)
(Andy: What is a horse?)

a buffalo

AndyJeanie
Triple Stumper
    $200 6
Yahoo!

Jeanie
    $400 27
"The few, the proud"

Andy
    $400 17
(Andy: What is CSI?)
(Alex: Be more specific.)

CSI: New York

Andy
    $400 22
earth

Andy
    $400 12
helium

Andy
    $400 2
a thermometer

Jeanie
    $400 7
yarmulke

Tom
    $600 28
1775

Jeanie
    $600 18
NYPD Blue

Andy
    $600 23
(Jeanie: What is fire?)
...
(Alex: Yes, same spelling, different pronunciation.)

wind

JeanieTom
    $600 13
Berkeley

Jeanie
    $600 3
Wendy's

Andy
    $600 8
yada yada yada

Andy
    $800 29
(Jeanie: What is a PT test?)

the Crucible

Jeanie
Triple Stumper
    $800 19
Hill Street Blues

Andy
    $800 24
earth

Andy
    $1,000 14
sodium & chlorine

Jeanie
    $800 4
the Maine

Tom
    $800 9
(Andy: What is yahoo?)

yawp

Andy
Triple Stumper
    $1000 30
(Lewis "Chesty") Puller

Tom
    $1000 20
The Shield

Andy
    $1000 25
(Alex: The North [*], yes.)

wind

Andy
    $1000 15
(Alex: And you are now in the lead all by yourself, and we're going to take a break.)

iron (or nickel or cobalt)

Jeanie
    $1000 5
(Tom: Who is Alfred Hitchcock?)
(Jeanie: Who is Scripps?)

(Dan) Quayle

AndyJeanieTom
    $1000 10
yardbird

Tom

Scores at the first commercial break (after clue 15):

Andy Jeanie Tom
$1,600 $2,200 $1,200

Scores at the end of the Jeopardy! Round:

Andy Jeanie Tom
$7,000 $1,800 $2,800

Double Jeopardy! Round responses

CHINESE HISTORY
LET'S GO WITH THE FLOW
(Alex: We'll give you the name of a river, and you tell us into which body of water it flows.)
LONG WORDS
ALL THE WORLD'S A STAGE
WE LOVE FOOTBALL ON TV
AND TWINS!
(Alex: And we're going to need--for some of the responses in that category, we are going to need first names.)
    $400 21
the Gang of Four

Andy
    $400 26
the Bay of Bengal

Jeanie
    $400 16
arteriosclerosis

Andy
    $400 6
the Abbey Theatre

Jeanie
    $400 11
instant replay

Andy
    $400 1
(Tom: Who are, uh, Jenna and, um...)

Jenna & Barbara Bush

JeanieTom
    $800 22
Tang

Andy
    $800 27
(Jeanie: What is South China Sea?)
(Tom: North Sea? What is the North Sea?)
(Andy: What is the Baltic?)

the Black Sea

AndyJeanieTom
Triple Stumper
    $800 17
immunodeficiency

Andy
    $1,200 7
(Jeanie: Who is Michelangelo?)

Niccolo Machiavelli

Jeanie
    $800 12
the Dallas Cowboy Cheerleaders

Jeanie
    $800 2
Luke & Leia

Andy
    $1200 23
Falun Gong

Andy
    $1200 28
Biscay

Tom
    $1200 18
transubstantiation

Andy
    $1200 8
(Tom: Who is Chekhov?)

Turgenev

JeanieTom
    $1200 13
the Oakland Raiders

Andy
    $1200 3
Shakespeare

Jeanie
    $1600 24
(Jeanie: Who is Chiang Kai-shek?)

Sun Yat-sen

JeanieTom
    $1600 29
Mobile Bay

Andy
    $1600 19
juxtaposition

Andy
    $1600 9
Athol Fugard

Andy
    $1600 14
Joe Theismann

Andy
    $1600 4
Phil & Steve Mahre

Triple Stumper
    $2000 25
kowtow

Tom
    $2000 30
the Rio de la Plata

Triple Stumper
    $3,000 20
(Andy: I don't know.)

peregrination

Andy
    $2000 10
(Jeanie: Who is Mann?)

Maurice Maeterlinck

Jeanie
Triple Stumper
    $2000 15
Heidi

Andy
    $2000 5
(Andy: Who are the McWhirters?)
(Alex: We'll need their names.)
(Andy: Who are Norris and...)
(Alex: Oh, darn.)

Norris & Ross McWhirter

Andy
Triple Stumper

Scores at the end of the Double Jeopardy! Round:

Andy Jeanie Tom
$16,800 $600 $5,200
(lock game)

[wagering suggestions for these scores]

Final Jeopardy! Round responses

THE 1980s
(Alex: Jeanie, you don't remember 1980--)
(Jeanie: Unfortunately not.)
(Alex: --but you've read about it, I'm sure. What did you put down? "What is [*]?" You're right, after it erupted.)
JeanieWhat is Mt. St. Helens?
$598
TomWhat is Mt. St. Helens?
$2,000
AndyWhat is ?
$1,000
Mount Saint Helens

Final scores:

Andy Jeanie Tom
$15,800 $1,198 $7,200
2-day champion: $28,800 3rd place: $1,000 2nd place: $2,000

Game dynamics:

Coryat scores:

Andy Jeanie Tom
$19,800 $1,600 $5,200
27 R,
6 W
(including 1 DD)
15 R
(including 1 DD),
8 W
(including 1 DD)
8 R,
4 W

Combined Coryat: $26,600

The J! Archive is created by fans, for fans. The Jeopardy! game show and all elements thereof, including but not limited to copyright and trademark thereto, are the property of Jeopardy Productions, Inc. and are protected under law. This website is not affiliated with, sponsored by, or operated by Jeopardy Productions, Inc. Join the discussion at JBoard.tv.